|
|
|
|
| LEADER |
00000nab a2200000 a 4500 |
| 001 |
vtls000536424 |
| 003 |
SK-MaSNL |
| 005 |
20260304084321.0 |
| 008 |
250425c1994 xo 0 slo |
| 015 |
|
|
|a SNBRB19rr/mm-uuuuu
|
| 035 |
|
|
|a CL0536562
|
| 035 |
|
|
|a urn:nbn:sk:snk-ab76sy
|
| 035 |
|
|
|a (uuid)01306d1d-715b-424f-a490-ebc28f82ca30
|
| 035 |
|
|
|a (urnnbn)urn:nbn:sk:snk:ar-a072cu
|
| 035 |
|
|
|a (sysno)vtls000536424
|
| 040 |
|
|
|a SNKBUCL
|b slo
|c SNKBUCL
|e AACR2
|
| 041 |
0 |
|
|a slo
|
| 044 |
|
|
|a xo
|c SK
|
| 080 |
|
|
|a 340.133:331.5
|2 1981
|
| 080 |
|
|
|a 331.5
|2 1981
|
| 245 |
0 |
0 |
|a Zákon č. 1/1991 Zb. o zamestnanosti v znení...
|
| 650 |
0 |
7 |
|a zamestnanosť
|2 snkbucl
|9 2209
|
| 650 |
0 |
7 |
|a Zákon NR SR o zamestnanosti
|2 snkbucl
|9 992876
|
| 655 |
|
7 |
|a články z novín a časopisov
|2 snkbucl
|9 267496
|
| 773 |
0 |
|
|t Mzdy a financie
|g Č. 12 (1994), s. 145-167
|
| 850 |
|
|
|a Slovenská národná knižnica
|
| 852 |
|
|
|a Slovenská národná knižnica
|
| 958 |
|
|
|a article27
|
| 958 |
|
|
|a OND
|
| 958 |
|
|
|a RK
|
| 992 |
|
|
|a RBX
|
| 999 |
|
|
|c 2802921
|d 2804851
|